[Event "4NCL 2021-22"]
[Site "England"]
[Date "2022.03.26"]
[Round "5.4"]
[White "Suarez Real, Alberto"]
[Black "Jaracz, Pawel"]
[Result "1-0"]
[WhiteElo "2445"]
[BlackElo "2459"]
[Annotator "ChessBase"]
[PlyCount "57"]
[EventDate "2021.11.27"]
[EventType "team-tourn"]
[EventCountry "ENG"]
[SourceTitle "playchess.com"]
[Source "ChessBase"]
[SourceQuality "1"]
[TimeControl "40/6000+30:3000+30"]

1. e4 {[%emt 0:00:03]} c5 {[%emt 0:00:16]} 2. Nf3 {[%emt 0:00:16]} Nc6 {[%emt 0:00:25]} 3. d4 {[%emt 0:00:35]} cxd4 {[%emt 0:00:05]} 4. Nxd4 {[%emt 0:00:05]} e6 {[%emt 0:00:18]} 5. Nc3 {[%emt 0:00:47]} d6 {[%emt 0:02:21]} 6. g4 {[%emt 0:11:50]} Nge7 7. Nb3 {[%emt 0:04:32]} a6 8. Be3 {[%emt 0:07:59]} b5 {[%emt 0:06:26]} 9. Qe2 {[%emt 0:08:02]} Na5 {[%emt 0:18:49]} 10. O-O-O {[%emt 0:02:20]} Nxb3+ {[%emt 0:09:08]} 11. cxb3 {[%emt 0:03:00]} Bb7 {[%emt 0:08:31]} 12. Bg2 {[%emt 0:06:35]} Ng6 {[%emt 0:04:41]} 13. Rhf1 {[%emt 0:11:01]} e5 {[%emt 0:11:37]} 14. f4 {[%emt 0:20:37]} exf4 {[%emt 0:00:00]} 15. e5 {[%emt 0:02:27]} Bxg2 {[%emt 0:00:00]} 16. Qxg2 {[%emt 0:00:50]} Rc8 {[%emt 0:08:47]} 17. Bxf4 {[%emt 0:11:24]} Nxf4 {[%emt 0:06:06]} 18. Rxf4 {[%emt 0:00:04]} Qg5 {[%emt 0:00:29]} 19. Qd2 {[%emt 0:02:40]} d5 {[%emt 0:00:49]} 20. e6 {[%emt 0:07:10]} b4 {[%emt 0:07:12]} 21. exf7+ {[%emt 0:02:06]} Kd7 {[%emt 0:00:04]} 22. h4 {[%emt 0:05:30]} bxc3 {[%emt 0:07:22]} 23. Qd4 {[%emt 0:00:01]} cxb2+ {[%emt 0:02:11]} 24. Kxb2 {[%emt 0:00:16]} Qg6 {[%emt 0:01:01]} 25. Rf5 {[%emt 0:00:55]} Bd6 {[%emt 0:01:57]} 26. h5 {[%emt 0:01:43]} Qe6 {[%emt 0:01:11]} 27. Rxd5 {[%emt 0:00:18]} Rc6 {[%emt 0:00:17]} 28. Qxg7 {[%emt 0:00:35]} Qe2+ {[%emt 0:03:37]} 29. R1d2 {[%emt 0:00:18]} 1-0

[Event "4NCL 2021-22"]
[Site "England"]
[Date "2022.03.26"]
[Round "5.5"]
[White "Bobras, Piotr"]
[Black "Kilpatrick, Callum"]
[Result "1/2-1/2"]
[WhiteElo "2500"]
[BlackElo "2409"]
[Annotator "TA"]
[PlyCount "71"]
[EventDate "2021.11.27"]
[EventType "team-tourn"]
[EventCountry "ENG"]
[SourceTitle "playchess.com"]
[Source "ChessBase"]
[SourceQuality "1"]

{[%evp 16,71,14,8,55,56,49,41,33,41,51,59,64,54,73,61,73,70,88,91,72,58,74,49,72,5,10,9,7,11,24,14,11,0,0,0,0,0,0,0,0,0,0,0,0,0,0,0,0,0,0,0,0,0,0,0,0,0]} 1. d4 Nf6 2. c4 g6 3. Nc3 d5 4. cxd5 Nxd5 5. e4 Nxc3 6. bxc3 Bg7 7. Nf3 c5 8. Bb5+ Nc6 {8...Nc6 is better than 8...Bd7.} 9. O-O {Black should prevent d5.} a6 {D85: Exchange Grünfeld: Unusual White 7th moves and lines with 7 Nf3.} (9... O-O $11 {is superior.}) 10. Bxc6+ $14 bxc6 11. Ba3 cxd4 {White is slightly better.} 12. cxd4 O-O 13. h3 {[#] Prevents Bg4.} Rb8 $146 ({Predecessor:} 13... Qa5 14. Qb3 Be6 15. Qe3 f5 16. e5 Qc7 17. Qc3 Bh6 18. Rfb1 Rfb8 19. Rd1 Rb5 {½-½ (38) Pogonina,N (2479)-Lombaers,P (2383) Caleta 2020}) 14. Qc2 Re8 15. Bc5 ({Much weaker is} 15. Qxc6 Bb7 16. Qc2 Bxd4 $11) 15... Qc7 16. Rab1 h6 17. Rxb8 {White is more active.} Qxb8 18. Rb1 Qf4 {[%cal Oc8h3]} 19. Qe2 g5 20. Qe3 (20. Qd3 $16) 20... Qxe3 $11 21. fxe3 e5 $1 22. Rb8 exd4 23. exd4 (23. Nxd4 {seems wilder.} Bd7 24. Rb7 Bc8 25. Rc7 Be6 26. Nxe6 Rxe6 27. Ra7) 23... Bd7 {The position is equal.} 24. Rxe8+ Bxe8 {[%mdl 4096] Endgame KBB-KBN} 25. Kf2 f6 26. Nd2 h5 27. g4 Bf7 28. a3 Be6 29. Kf3 hxg4+ 30. hxg4 Bf8 31. Bxf8 Kxf8 32. Nf1 Ke7 33. Ne3 Kd6 34. Ke2 Ba2 35. Nf5+ Kd7 36. Kd3 {Weighted Error Value: White=0.09 (flawless) /Black=0.06 (flawless)} 1/2-1/2

[Event "4NCL 2021-22"]
[Site "England"]
[Date "2022.03.26"]
[Round "5.6"]
[White "Grieve, Harry"]
[Black "Cyborowski, Lukasz"]
[Result "1/2-1/2"]
[WhiteElo "2384"]
[BlackElo "2494"]
[Annotator "TA"]
[PlyCount "65"]
[EventDate "2021.11.27"]
[EventType "team-tourn"]
[EventCountry "ENG"]
[SourceTitle "playchess.com"]
[Source "ChessBase"]
[SourceQuality "1"]

{[%evp 23,65,0,0,0,0,8,10,15,25,7,33,18,27,18,41,35,28,31,28,20,25,20,29,16,36,19,19,19,25,15,20,10,16,5,8,7,8,8,8,8,8,0,0,0]} 1. e4 c5 2. Nc3 e6 3. Nf3 a6 4. g3 Nc6 5. Bg2 d6 6. O-O Nf6 7. Re1 Bd7 8. d4 cxd4 9. Nxd4 Be7 10. Nxc6 Bxc6 11. e5 dxe5 12. Bxc6+ bxc6 13. Rxe5 {B80: Sicilian Scheveningen: 6 g3 and 6 Be3, including English Attack.} Qxd1+ 14. Nxd1 O-O {[#]} 15. Ra5 $146 ({Predecessor:} 15. Ne3 Nd5 16. Nc4 a5 17. a4 Rfb8 18. Re2 Bf6 19. c3 Rb7 20. Be3 Be7 21. Bd4 {1-0 (76) Kaminski,M (2449)-Jaworski,M (2348) Miedzyzdroje 2009}) 15... Rfd8 16. Be3 Kf8 17. Kf1 Nd5 18. Ke2 Rdb8 19. b3 Rb5 20. Ra4 Rb4 21. Rxb4 (21. Rb1 {seems wilder.} Bd6 22. Ra5 Rb5 23. Bd2 Bb4 24. Ra4) 21... Bxb4 22. a3 Be7 23. Bd2 Rb8 24. Ne3 Nxe3 25. Bxe3 $11 {[%mdl 4096] Endgame KRB-KRB} Rb5 26. a4 Rd5 {The position is equal.} 27. Rd1 Ke8 28. Rd4 h5 29. h3 {[%cal Bh2h3,Bh3g4,Bg4f5][%mdl 32]} g6 30. g4 hxg4 31. hxg4 Kd7 32. f3 f5 33. gxf5 {Weighted Error Value: White=0.05 (flawless) /Black=0.05 (flawless)} 1/2-1/2

[Event "4NCL 2021-22"]
[Site "England"]
[Date "2022.03.26"]
[Round "5.7"]
[White "Kolbus, Dietmar"]
[Black "Golding, Alex"]
[Result "1/2-1/2"]
[WhiteElo "2305"]
[BlackElo "2331"]
[Annotator "ChessBase"]
[PlyCount "61"]
[EventDate "2021.11.27"]
[EventType "team-tourn"]
[EventCountry "ENG"]
[SourceTitle "playchess.com"]
[Source "ChessBase"]
[SourceQuality "1"]
[TimeControl "40/6000+30:3000+30"]

1. d4 {[%emt 0:00:03]} Nf6 {[%emt 0:00:05]} 2. c4 {[%emt 0:00:05]} e6 {[%emt 0:00:02]} 3. Nf3 {[%emt 0:00:15]} d5 {[%emt 0:00:04]} 4. Nc3 {[%emt 0:03:21]} Bb4 {[%emt 0:00:05]} 5. cxd5 {[%emt 0:02:00]} exd5 {[%emt 0:04:24]} 6. Qa4+ {[%emt 0:04:12]} Nc6 {[%emt 0:00:05]} 7. Bg5 {[%emt 0:00:29]} h6 {[%emt 0:01:13]} 8. Bxf6 {[%emt 0:01:51]} Qxf6 {[%emt 0:00:07]} 9. e3 {[%emt 0:12:12]} O-O {[%emt 0:00:06]} 10. a3 {[%emt 0:01:33]} Bxc3+ {[%emt 0:00:04]} 11. bxc3 {[%emt 0:00:08]} Bg4 {[%emt 0:02:51]} 12. Be2 {[%emt 0:00:19]} Ne7 {[%emt 0:14:20]} 13. O-O {[%emt 0:00:21]} c6 {[%emt 0:06:22]} 14. c4 {[%emt 0:01:56]} a6 {[%emt 0:00:30]} 15. Qb3 {[%emt 0:13:26]} b5 {[%emt 0:01:07]} 16. cxd5 {[%emt 0:00:13]} cxd5 {[%emt 0:02:14]} 17. a4 {[%emt 0:01:17]} bxa4 {[%emt 0:12:21]} 18. Rxa4 {[%emt 0:03:09]} Rfb8 {[%emt 0:01:10]} 19. Qa2 {[%emt 0:02:34]} Rb6 {[%emt 0:03:53]} 20. h3 {[%emt 0:07:20]} Bd7 {[%emt 0:03:16]} 21. Ra3 {[%emt 0:01:18]} Bb5 {[%emt 0:00:57]} 22. Ne5 {[%emt 0:06:37]} Bxe2 {[%emt 0:04:54]} 23. Qxe2 {[%emt 0:09:05]} Qd6 {[%emt 0:00:09]} 24. Ra5 {[%emt 0:02:56]} Nc6 {[%emt 0:00:51]} 25. Nxc6 {[%emt 0:04:50]} Qxc6 {[%emt 0:01:22]} 26. Rfa1 {[%emt 0:00:17]} Qe6 {[%emt 0:02:31]} 27. Qa2 {[%emt 0:02:16]} Rd6 {[%emt 0:00:14]} 28. Qe2 {[%emt 0:06:56]} Rc6 {[%emt 0:05:10]} 29. Qa2 {[%emt 0:00:57]} Rd6 {[%emt 0:00:09]} 30. Qe2 {[%emt 0:02:57]} Rc6 {[%emt 0:00:31]} 31. Qa2 {[%emt 0:00:12]} 1/2-1/2

[Event "4NCL 2021-22"]
[Site "England"]
[Date "2022.03.26"]
[Round "5.8"]
[White "Kalaiyalahan, Akshaya"]
[Black "Terbe, Julianna"]
[Result "1/2-1/2"]
[WhiteElo "2208"]
[BlackElo "2285"]
[Annotator "ChessBase"]
[PlyCount "79"]
[EventDate "2021.11.27"]
[EventType "team-tourn"]
[EventCountry "ENG"]
[SourceTitle "playchess.com"]
[Source "ChessBase"]
[SourceQuality "1"]
[TimeControl "40/6000+30:3000+30"]

1. Nf3 {[%emt 0:00:04]} d5 {[%emt 0:00:06]} 2. g3 {[%emt 0:00:08]} Nf6 {[%emt 0:00:04]} 3. Bg2 {[%emt 0:00:08]} c6 {[%emt 0:00:04]} 4. O-O {[%emt 0:00:15]} Bg4 {[%emt 0:00:06]} 5. d3 {[%emt 0:00:28]} e6 {[%emt 0:00:16]} 6. Qe1 {[%emt 0:01:02]} Be7 {[%emt 0:00:10]} 7. e4 {[%emt 0:00:37]} O-O {[%emt 0:00:06]} 8. h3 {[%emt 0:01:33]} Bh5 {[%emt 0:00:11]} 9. e5 {[%emt 0:02:53]} Nfd7 {[%emt 0:01:04]} 10. Nh2 {[%emt 0:00:53]} Qb6 {[%emt 0:08:51]} 11. Kh1 {[%emt 0:02:16]} f6 {[%emt 0:09:10]} 12. exf6 {[%emt 0:07:04]} Bxf6 {[%emt 0:00:48]} 13. Nc3 {[%emt 0:09:44]} e5 {[%emt 0:06:42]} 14. f4 {[%emt 0:02:17]} exf4 {[%emt 0:03:39]} 15. Rxf4 {[%emt 0:00:32]} Re8 {[%emt 0:03:23]} 16. Qf2 {[%emt 0:10:23]} Be5 {[%emt 0:09:23]} 17. Qxb6 {[%emt 0:04:31]} axb6 {[%emt 0:00:11]} 18. Rh4 {[%emt 0:02:12]} Bg6 {[%emt 0:04:40]} 19. Nf1 {[%emt 0:02:14]} Na6 {[%emt 0:00:41]} 20. Bd2 {[%emt 0:03:36]} Bd6 {[%emt 0:08:32]} 21. a3 {[%emt 0:04:47]} b5 {[%emt 0:00:07]} 22. Nxd5 {[%emt 0:10:28]} cxd5 {[%emt 0:01:49]} 23. Bxd5+ {[%emt 0:00:07]} Bf7 {[%emt 0:02:05]} 24. Bxb7 {[%emt 0:00:12]} Ra7 {[%emt 0:00:28]} 25. Bc6 {[%emt 0:03:34]} Re2 {[%emt 0:12:40]} 26. Re4 {[%emt 0:15:52]} Rxe4 {[%emt 0:02:34]} 27. Bxe4 {[%emt 0:00:09]} Be5 {[%emt 0:07:29]} 28. Be3 {[%emt 0:08:53]} Rc7 {[%emt 0:00:16]} 29. d4 {[%emt 0:00:44]} Bd6 {[%emt 0:00:59]} 30. c3 {[%emt 0:00:41]} Nb6 {[%emt 0:00:53]} 31. Bf2 {[%emt 0:07:27]} Na4 {[%emt 0:04:00]} 32. Rb1 {[%emt 0:00:48]} Ba2 {[%emt 0:00:43]} 33. Ra1 {[%emt 0:02:10]} Bc4 {[%emt 0:01:42]} 34. Rb1 {[%emt 0:00:21]} Nxb2 {[%emt 0:10:58]} 35. Nd2 {[%emt 0:02:14]} Na4 {[%emt 0:00:43]} 36. Nxc4 {[%emt 0:00:31]} Nxc3 {[%emt 0:03:53]} 37. Nxd6 {[%emt 0:00:31]} Nxb1 {[%emt 0:00:11]} 38. Nxb5 {[%emt 0:01:08]} Rc1+ {[%emt 0:00:49]} 39. Kg2 {[%emt 0:00:04]} Rd1 {[%emt 0:03:39]} 40. Bc2 {[%emt 0:03:55]} 1/2-1/2

[Event "4NCL 2021-22"]
[Site "England"]
[Date "2022.03.26"]
[Round "5.9"]
[White "Jones, Gawain C B"]
[Black "Adams, Michael"]
[Result "1/2-1/2"]
[WhiteElo "2671"]
[BlackElo "2698"]
[Annotator "TA"]
[PlyCount "77"]
[EventDate "2021.11.27"]
[EventType "team-tourn"]
[EventCountry "ENG"]
[SourceTitle "playchess.com"]
[Source "ChessBase"]
[SourceQuality "1"]

{[%evp 15,77,2,0,0,0,0,0,0,4,0,0,0,14,0,0,0,17,35,18,6,39,37,39,36,39,0,0,0,0,0,0,0,0,0,0,0,0,0,36,27,27,27,28,16,28,0,0,0,0,0,0,0,0,0,0,0,0,0,0,0,0,0,0,0]} 1. e4 e5 2. Nf3 Nc6 3. Bc4 Bc5 4. c3 {[%cal Bc2c3,Bc3d4][%mdl 32]} Nf6 5. d4 exd4 6. cxd4 Bb4+ 7. Nbd2 d5 8. exd5 Nxd5 9. O-O {C54: Giuoco Piano: 4 c3 Nf6, main lines with 5 d4 and 5 d3.} O-O 10. a3 Bxd2 11. Bxd2 {[#]} Be6 $146 ({Predecessor:} 11... Bg4 12. h3 Bxf3 13. Qxf3 Nb6 14. Ba2 Nxd4 15. Qg4 Nf3+ 16. Qxf3 Qxd2 17. Qxb7 Qxb2 18. Qxc7 {1-0 (27) Mamedov,R (2656)-Kamsky,G (2657) Europe Echecs INT 2021}) 12. Re1 h6 13. Rc1 Qd6 14. Qb3 a6 15. Qd3 ({But not} 15. Qxb7 $2 Rfb8 16. Rxe6 fxe6 17. Bxd5 Rxb7 $19) 15... Rfe8 16. Ne5 Nce7 17. Qf3 {[%cal Od2b4]} c6 18. Bd3 {[%cal Od2h6]} Rad8 19. h3 f6 20. Ng6 (20. Nc4 $5 {[%cal Rc4d6]} Qd7 21. Qg3 $14 (21. Qe4 Bf5 $11)) 20... Nxg6 $1 21. Bxg6 Bf7 22. Be4 Qd7 23. h4 Ne7 24. Ba5 {This bishop pair is nice.} Ra8 25. Bb4 Nd5 26. Bd2 Ne7 {[#]} 27. Bxh6 $1 gxh6 28. Qxf6 {[%cal Oe4h7] Bh7+! is the strong threat.} Bd5 $1 {White must now prevent ...Bxe4.} 29. Rc3 {White threatens Rg3+ and mate.} Bxe4 $1 30. Rg3+ (30. Rxe4 $5 {[%cal Rc3g3]} Nd5 31. Rg3+ Kh7 32. Qg6+ Kh8 33. f3 $11 (33. Qxh6+ Qh7 $11)) 30... Bg6 $1 {Hoping for ...Qf5. The position is equal.} 31. h5 $1 {[%mdl 64] [#] And now Re5 would win. Pin. The board is on fire.} Nf5 32. Qxg6+ Kh8 33. Qf6+ Kh7 34. Qg6+ Kh8 35. Qf6+ Kh7 36. Rxe8 Rxe8 37. Qg6+ Kh8 38. Qf6+ Kh7 39. Qg6+ {Weighted Error Value: White=0.05 (flawless) /Black=0.03 (flawless)} 1/2-1/2

[Event "4NCL 2021-22"]
[Site "England"]
[Date "2022.03.26"]
[Round "5.10"]
[White "Tan, Justin"]
[Black "Palliser, Richard J D"]
[Result "1-0"]
[WhiteElo "2526"]
[BlackElo "2413"]
[Annotator "TA"]
[PlyCount "79"]
[EventDate "2021.11.27"]
[EventType "team-tourn"]
[EventCountry "ENG"]
[SourceTitle "playchess.com"]
[Source "ChessBase"]
[SourceQuality "1"]

{[%evp 18,79,41,41,30,16,33,20,18,20,39,42,48,38,37,4,38,23,22,25,21,0,17,0,32,0,0,0,20,25,55,53,53,52,50,55,53,60,51,51,87,89,100,100,100,100,115,62,175,183,173,166,272,274,268,233,245,216,565,554,594,531,492,470]} 1. d4 Nf6 2. c4 g6 3. g3 Bg7 4. Bg2 O-O 5. Nc3 d6 6. Nf3 Bf5 7. Nh4 Bc8 8. O-O e5 9. Nf3 exd4 10. Nxd4 Re8 {A24: English Opening vs King's Indian: Lines without ...Nc6.} 11. b3 c6 12. Bb2 Na6 {[#] The position is equal.} 13. Qc2 $146 ({Predecessor:} 13. Qd2 Nc5 14. Rad1 Qb6 15. Qc2 a5 16. a3 Nfd7 17. e3 Ne5 18. h3 f5 19. Rd2 Bd7 20. Rfd1 Rad8 21. Nde2 {0-1 (57) Begmuratov,K (2148)-Hansen,E (2606) Chess.com INT 2021}) 13... Qa5 14. Rad1 Qh5 15. Rfe1 Bh3 16. Bh1 Rad8 17. e4 Bc8 18. Bg2 Bh3 19. Bxh3 Qxh3 20. f3 Nc5 (20... d5 $5 {[%cal Rd5e4]}) 21. Qf2 (21. Nce2 {looks sharper.} Nh5 22. Bc1 Rc8 23. Qd2 Be5 24. Rf1) 21... a5 22. Nde2 Qc8 23. Nf4 Qc7 {[#]} 24. Ncd5 $1 Nxd5 (24... cxd5 $2 25. Bxf6 dxe4 26. Nd5 $18) 25. cxd5 Bxb2 26. Qxb2 Nd7 27. dxc6 bxc6 28. Kg2 Ne5 {[%cal Oa5a4]} 29. Qc3 {[%cal Of4d5]} Ra8 {[#]} 30. Nd5 $1 {[%cal Bf4d5,Bd5e3,Be3c4,Bc4d6][%mdl 32] Inhibits Qe7.} Qd8 {[#]} 31. Ne3 {f4 is the strong threat. White is more active.} h5 32. h3 (32. f4 $16 Ng4 33. Nc4 (33. Qxc6 Rc8 $16)) 32... Qe7 (32... Qf6 $14 33. f4 Ng4 34. Qxf6 (34. Qxc6 $2 Qb2+ 35. Nc2 Rac8 $19) 34... Nxf6) 33. f4 $36 {[%mdl 2048] White is in control.} Nd7 34. Nc4 ({But not} 34. Qxc6 Rac8 35. Qxd6 Qxe4+ 36. Kh2 Qa8 $16) 34... Nf6 (34... d5 {was necessary.}) 35. Nxd6 Red8 36. Qxc6 h4 37. g4 ({Much less strong is} 37. gxh4 $6 Nh5) 37... Qe6 $2 (37... a4 {is tougher.} 38. bxa4 Ne8) 38. e5 {White is clearly winning.} Nxg4 39. hxg4 Qxg4+ 40. Kh1 {Weighted Error Value: White=0.10 (very precise) /Black=0.26 (precise)} 1-0

[Event "4NCL 2021-22"]
[Site "England"]
[Date "2022.03.26"]
[Round "5.11"]
[White "Adair, James R"]
[Black "Speelman, Jon S"]
[Result "1-0"]
[WhiteElo "2444"]
[BlackElo "2504"]
[Annotator "TA"]
[PlyCount "77"]
[EventDate "2021.11.27"]
[EventType "team-tourn"]
[EventCountry "ENG"]
[SourceTitle "playchess.com"]
[Source "ChessBase"]
[SourceQuality "1"]

{[%evp 10,77,19,15,11,15,20,22,79,57,82,63,75,52,61,63,101,96,108,112,123,116,135,110,122,92,241,241,264,252,199,22,84,26,181,100,231,235,204,124,125,132,137,151,143,-74,0,0,73,70,50,81,260,260,260,260,260,272,673,656,641,643,804,822,29989,29990,29990,29991,29993,6708]} 1. e4 c6 2. d4 d5 3. e5 Bf5 4. Nd2 e6 5. Nb3 Nd7 6. Nf3 Qc7 {B12: Caro-Kann: Advance Variation.} 7. Be2 c5 8. c3 {[#]} b6 $146 (8... h6 $11 {keeps the balance.}) ({Predecessor:} 8... c4 9. Nbd2 h6 10. Nf1 Ne7 11. Ne3 Bh7 12. O-O Nf5 13. Ne1 f6 14. Bh5+ g6 15. Nxf5 exf5 {½-½ (48) Fedoseev,V (2708)-Dreev,A (2637) Struga 2021}) 9. O-O (9. Nh4 $5 {[%cal Rh4f5]}) 9... Ne7 10. Nh4 Bg6 11. Bf4 c4 12. Nd2 (12. Nxg6 Nxg6 13. Bd2 cxb3 $17) 12... Rc8 13. g4 f6 14. Bg3 fxe5 15. f4 $1 exf4 16. Bxf4 e5 17. Bg3 {[%mdl 1024] And now dxe5 would win. White has strong compensation.} Bf7 (17... Nc6 $16 {was called for.}) 18. Ndf3 $18 Nc6 19. Ng5 Bg8 20. Qa4 $2 ({Only move:} 20. Qd2 $1 $18) 20... Qd8 (20... Be7 $11 21. Ngf3 Be6) 21. Nh3 (21. Nhf3 $1 $16) 21... g6 $2 {[#]} (21... Be6 $1 $11 {and Black is okay.}) 22. Rae1 (22. Nf3 $1 $18 {[%cal Rf3e5]}) 22... e4 {[#]} (22... Be7 $16 {was worth a try.} 23. Nf3 b5 24. Qxb5 e4) 23. Bxc4 $1 {[%mdl 512]} dxc4 24. Rxe4+ Be7 25. Bd6 {Strongly threatening Bxe7.} (25. Qb5 Bf7 26. Rxf7 Kxf7 $11) 25... Bd5 26. Re2 {White is much more active. Black has bad knights.} a6 {Prevents Qb5.} 27. Qxa6 {[#]} (27. Ng5 $16 {and life is bright.}) 27... Ndb8 ({Black should try} 27... Ra8 $1 $17 {[%cal Ra8a6]} 28. Qb7 Ra7 29. Bxe7 Rxb7 30. Bxd8+ Kxd8) 28. Qa3 $11 Kd7 (28... Qd7 $11 {remains equal.} 29. Bxe7 Nxe7) 29. Bxe7 $16 {Dancing on a razor blade.} Nxe7 30. Nf4 $1 ({Much worse is} 30. Rf6 Rc6 31. Rff2 (31. g5 $2 Rxf6 32. gxf6 Nec6 $19) 31... Re6 32. Rxe6 Bxe6 $15) 30... Nbc6 $2 (30... Re8 $16) 31. Nxd5 $18 Nxd5 32. Rf7+ Nce7 {Hoping for ...Ra8.} 33. Qa4+ Kd6 $2 (33... Rc6 34. Nf3 (34. Re5 Qc8 $16) 34... Qa8 35. Ne5+ Kc7 36. Qxc6+ Qxc6 37. Nxc6 Kxc6 38. Rfxe7 Nxe7) 34. Nf3 Ra8 35. Qxc4 {Threatens to win with Ng5.} Qc8 {[#]} 36. Rfxe7 $1 {[%mdl 576] White threatens Qxc8 and mate. Deflection} Nxe7 (36... Qxg4+ 37. Kf2) 37. Qb4+ {[%mdl 64] Skewer, Double Attack. White mates.} Kc6 38. Rxe7 Ra5 39. c4 {Weighted Error Value: White=0.30/Black=0.68} (39. Ne5+ $142 Kd5 40. c4+ Ke4 41. Nxg6+ Kf3 42. Qc3+ Kxg4 43. Qg3+ Kh5 44. Nf4+ Kh6 45. Qg7#) 1-0

[Event "4NCL 2021-22"]
[Site "England"]
[Date "2022.03.26"]
[Round "5.12"]
[White "Haria, Ravi"]
[Black "Ashton, Adam G"]
[Result "1-0"]
[WhiteElo "2490"]
[BlackElo "2379"]
[Annotator "TA"]
[PlyCount "113"]
[EventDate "2021.11.27"]
[EventType "team-tourn"]
[EventCountry "ENG"]
[SourceTitle "playchess.com"]
[Source "ChessBase"]
[SourceQuality "1"]

{[%evp 10,113,37,29,33,6,11,0,0,0,0,0,14,13,17,16,28,20,24,21,12,17,33,34,32,34,37,27,25,26,46,47,58,60,62,15,35,22,31,8,29,29,27,39,29,37,71,54,100,95,118,75,75,15,194,206,224,152,291,259,252,249,249,133,133,135,135,135,135,136,351,351,348,339,335,335,291,310,286,268,505,470,1079,1039,1075,955,978,534,527,508,497,400,1158,1041,1010,897,12838,12837,12840,12840,12841,12841,12842,12843,12843,12842]} 1. e4 e5 2. Nf3 Nc6 3. Bc4 Nf6 4. d3 Be7 5. O-O d6 6. a4 O-O {C55: Two Knights: 4 d3, 4 d4 exd4 5 e5 and Max Lange Attack.} 7. Nc3 Bg4 8. Be3 {Prevents Nd4.} Nd4 {The position is equal.} 9. Bxd4 exd4 10. Nd5 Nxd5 11. Bxd5 c6 12. Bb3 {[#]} c5 $146 ({Predecessor:} 12... d5 13. exd5 cxd5 14. h3 Bh5 15. Re1 Bf6 16. g4 Bg6 17. Qd2 Qd6 18. g5 Bd8 {1-0 (33) Gabrielian,A (2524)-Brattain,M (2349) Chess.com INT 2016}) 13. h3 Be6 14. Bd5 Qd7 15. Nd2 Rfe8 16. Bxe6 fxe6 17. f4 Rf8 18. Nc4 Rae8 19. Qg4 Bd8 20. e5 Bc7 21. exd6 Bxd6 22. Rae1 {White is more active.} (22. g3 $14 {deserves consideration.}) 22... Bc7 23. b3 Rf5 24. h4 Ref8 {[%cal Rc7f4]} (24... h5 $5 {[%cal Rh5g4]} 25. Qg6 Bxf4 $11) 25. g3 Qd5 26. Qe2 R8f6 27. Qe4 Rg6 28. Kh2 h5 (28... Rgf6 $14) 29. Re2 $16 Qd8 {[#]} 30. Rg2 (30. Qxb7 $2 {[#]} Rxf4 $3 {[%mdl 512]} 31. Rxf4 Bxf4 $19) ({White should play} 30. Nd2 $1) 30... b6 31. Nd2 (31. Rgf2 $16) 31... Qf6 $2 (31... Rgf6 $1 $11) 32. Nf3 $18 {Ng5 is the strong threat.} Qf8 33. Re1 {And now Qc6 would win.} Kh8 (33... e5 $16 {was worth a try.}) 34. Ng5 e5 35. Qb7 {[%csl LRa7,LRc7]} (35. fxe5 Rgxg5 36. hxg5 Rxe5 37. Qxe5 Bxe5 38. Rxe5 Kh7 $11) 35... Bd8 36. Nh3 (36. fxe5 Bxg5 37. hxg5 Qe8 $11) (36. Qxa7 exf4 37. Qd7 fxg3+ 38. Kh3 Bxg5 $14) (36. Rge2 $18) 36... exf4 $16 37. Nxf4 Rxf4 38. gxf4 Qxf4+ 39. Kg1 $1 Rxg2+ {A mistake that costs the game.} (39... Bxh4 $16 {was called for.} 40. Re8+ (40. Rxg6 Qf2+ 41. Kh1 Qxe1+ 42. Rg1 Qe5 $16) 40... Kh7 41. Rxg6 Qf2+ 42. Kh1 Kxg6) 40. Qxg2 $18 Bxh4 $16 {[%mdl 4096] Endgame KQR-KQB} 41. Re8+ Kh7 42. Qe4+ Qxe4 43. dxe4 $18 {[%cal Bd3e4,Be4e5][%mdl 32] KR-KB} Be1 44. Re7 Kg6 $2 (44... a6 45. Ra7 Kg6) 45. Rxa7 Kf6 (45... Ba5 $142 46. Kf2 Kf6 47. e5+ Kxe5) 46. e5+ Kg6 47. Rb7 Ba5 48. Kg2 Kf5 49. Rxg7 Kxe5 {[%cal Od4d3]} 50. Re7+ Kd6 (50... Kf4 $142 51. Kh3 Kf5) 51. Re4 {White is clearly winning.} Bc3 52. Rh4 c4 53. Rxh5 cxb3 54. cxb3 ({And not} 54. Rh6+ Kc5 55. cxb3 (55. Rh5+ Kc4 $11) 55... Ba5 $11) 54... d3 55. Kf3 d2 56. Ke2 Kc6 57. Rh3 {Weighted Error Value: White=0.22 (precise) /Black=0.34} 1-0